| 000 | 00680cam a2200229 4500500 | ||
|---|---|---|---|
| 005 | 20260329004023.0 | ||
| 041 | _afre | ||
| 042 | _adc | ||
| 100 | 1 | 0 |
_aMorel, François _eauthor |
| 245 | 0 | 0 | _a“La politique m’apparaît comme une sinistre rigolade” |
| 260 | _c2017. | ||
| 500 | _a51 | ||
| 690 | _aCitation | ||
| 690 | _aFrançois Morel | ||
| 690 | _aHumour | ||
| 690 | _aMacron | ||
| 690 | _aPoliticien | ||
| 690 | _aPolitique | ||
| 690 | _aSimone Weil | ||
| 786 | 0 | _nPhilosophie magazine | 115 | 12-1 | 2017-12-01 | p. 75-75 | 1951-1787 | |
| 856 | 4 | 1 | _uhttps://shs.cairn.info/magazine-philosophie-magazine-2017-12-1-page-75?lang=fr&redirect-ssocas=7080 |
| 999 |
_c1829837 _d1829837 |
||